01108 2200277 4500001002100000005001500021035002000036008004100056020001800097041000800115082001100123084001500134100002000149700001100169700001500180245006200195250001100257260001200268300003700280520037100317650003900688990002700727990002700754990002500781990002400806INLIS00000000000077020240930034634 a0010-0520000770240930 | | ind  a979-511-286-4 aind a443.13 a443.13/ARI0 aWinarsih Arifin0 aFarida0 aSoemargono1 aKamus Perancis-Indonesia : Dictionaire Francois-Indonesia aCet.5. bPPM,c- aXLIX, 1115 hlm. ; 25 cm ;c25 cm aKekhasan yang memberi bobot pada kamus ini antara lain pada: kejelasan nonmenklatur dan analisis semantik, penyajian contoh-contoh kalimat yang sistematis dengan disertai terjemahannya, terutama untuk menunjukan pemakainnya yang paling lazim; serta, penampilan hubungan analogis dengan dicantumkannya padanan dan lawan kata yang penting diketahui untuk penerjemahan. 4a1. Bahasa Perancis-Kamus-Indonesia a12742/MKRI-P/VIII-2009 a12743/MKRI-P/VIII-2009 a03459/MKRI-P/IV-2006 a00504/MKRI-P/I-2005